Physiology / (Record no. 3925)

000 -LEADER
fixed length control field 01233cam a22003854a 4500
001 - CONTROL NUMBER
control field 14164684
003 - CONTROL NUMBER IDENTIFIER
control field OSt
005 - DATE AND TIME OF LATEST TRANSACTION
control field 20170609123721.0
008 - FIXED-LENGTH DATA ELEMENTS--GENERAL INFORMATION
fixed length control field 051104s2006 paua b 001 0 eng
010 ## - LIBRARY OF CONGRESS CONTROL NUMBER
LC control number 2005057457
016 7# - NATIONAL BIBLIOGRAPHIC AGENCY CONTROL NUMBER
Record control number 101261467
Source DNLM
020 ## - INTERNATIONAL STANDARD BOOK NUMBER
International Standard Book Number 9781416023203
020 ## - INTERNATIONAL STANDARD BOOK NUMBER
International Standard Book Number 1416023208
035 ## - SYSTEM CONTROL NUMBER
System control number (OCoLC)ocm62326921
040 ## - CATALOGING SOURCE
Original cataloging agency DNLM/DLC
Transcribing agency DLC
Modifying agency YDX
-- NLM
-- BAKER
-- DLC
042 ## - AUTHENTICATION CODE
Authentication code pcc
050 00 - LIBRARY OF CONGRESS CALL NUMBER
Classification number QP31.2.C67 2006
060 00 - NATIONAL LIBRARY OF MEDICINE CALL NUMBER
Classification number 2006 H-345
060 10 - NATIONAL LIBRARY OF MEDICINE CALL NUMBER
Classification number QT 104
Item number C838p 2006
082 00 - DEWEY DECIMAL CLASSIFICATION NUMBER
Classification number 612
Edition number 22
100 1# - MAIN ENTRY--PERSONAL NAME
Personal name Costanzo, Linda S.,
Dates associated with a name 1947-
245 10 - TITLE STATEMENT
Title Physiology /
Statement of responsibility, etc Linda S. Costanzo.
250 ## - EDITION STATEMENT
Edition statement 3rd ed.
260 ## - PUBLICATION, DISTRIBUTION, ETC. (IMPRINT)
Place of publication, distribution, etc Philadelphia, PA :
Name of publisher, distributor, etc Saunders Elsevier,
Date of publication, distribution, etc c2006.
300 ## - PHYSICAL DESCRIPTION
Extent xi, 490 p. :
Other physical details ill. (some col.) ;
Dimensions 28 cm.
440 #0 - SERIES STATEMENT/ADDED ENTRY--TITLE
Title Saunders text and review series
504 ## - BIBLIOGRAPHY, ETC. NOTE
Bibliography, etc Includes bibliographical references and index.
650 #0 - SUBJECT ADDED ENTRY--TOPICAL TERM
Topical term or geographic name as entry element Physiology.
650 12 - SUBJECT ADDED ENTRY--TOPICAL TERM
Topical term or geographic name as entry element Physiological Processes.
650 22 - SUBJECT ADDED ENTRY--TOPICAL TERM
Topical term or geographic name as entry element Physiology.
856 41 - ELECTRONIC LOCATION AND ACCESS
Materials specified Table of contents only
Uniform Resource Identifier <a href="http://www.loc.gov/catdir/toc/fy0609/2005057457.html">http://www.loc.gov/catdir/toc/fy0609/2005057457.html</a>
906 ## - LOCAL DATA ELEMENT F, LDF (RLIN)
a 7
b cbc
c orignew
d 1
e ocip
f 20
g y-gencatlg
942 ## - ADDED ENTRY ELEMENTS (KOHA)
Source of classification or shelving scheme
Koha item type Book
Holdings
Withdrawn status Lost status Source of classification or shelving scheme Damaged status Not for loan Home library Current library Shelving location Date acquired Total Checkouts Full call number Barcode Date last seen Copy number Price effective from Koha item type
          Riara University Library Riara University Library General stack 09/06/2017   QP31.2.C67 2006 8990/17 09/06/2017 C.1 09/06/2017 Book

Riara University Library,
P.O. Box 49940-00100,
Nairobi, Kenya.